| 000 | 00734cam a2200229 4500 | ||
|---|---|---|---|
| 001 | WB3603-14 | ||
| 008 | 000000n2000 000 0 eng u | ||
| 035 | _a(Sirsi) u103682 | ||
| 245 | _aHousebuilding: November 1999 | ||
| 260 | _c2000 | ||
| 490 |
_aDETR Information Bulletin _v(16) 13 January 2000 (6) |
||
| 520 | _aThe latest statistics on housebuilding starts and completions suggest that the number of dwellings started and finished are up on figures for the same time last year. | ||
| 590 | _aWB | ||
| 650 | _aHOUSING STARTS | ||
| 650 | _aHOUSING COMPLETIONS | ||
| 650 | _aHOUSE BUILDING | ||
| 650 | _aHOUSING DEVELOPMENT | ||
| 650 | _aDETR | ||
| 650 | _aSTATISTICS | ||
| 690 | _aHOUSING-DEVELOPMENT | ||
| 942 | _n0 | ||
| 999 |
_c62259 _d62259 |
||